Los atentados terroristas al WTC-Pentágono como punto de inflexión en las relaciones interamericanas /
Đã lưu trong:
| Tác giả chính: | |
|---|---|
| Định dạng: | Texto |
| Những chủ đề: | |
| Các nhãn: |
Thêm thẻ
Không có thẻ, Là người đầu tiên thẻ bản ghi này!
|
MARC
| LEADER | 00000 a a2200000 04500 | ||
|---|---|---|---|
| 001 | 4384 | ||
| 003 | |||
| 040 | |||
| 100 | |a Jaramillo Edwards, Isabel | ||
| 245 | |a Los atentados terroristas al WTC-Pentágono como punto de inflexión en las relaciones interamericanas / |c Isabel Jaramillo Edwards | ||
| 650 | |a TERRORISMO | ||
| 650 | |a CONFLICTOS POLITICOS | ||
| 650 | |a RELACIONES ECONOMICAS INTERNACIONALES | ||
| 650 | |a SEGURIDAD | ||
| 650 | |a DEFENSA | ||
| 773 | |g número 28; páginas 39-68 | ||
| 999 | |c 28499 |d 28499 | ||
